[Event "Karelia-ch"]
[Site "Petrozavodsk"]
[Date "2011.02.22"]
[Round "1"]
[White "Velikodvorskaya, Regina"]
[Black "Ievlev, Andrey A"]
[Result "0-1"]
[WhiteElo "1714"]
[BlackElo "2099"]
[PlyCount "30"]
[EventDate "2011.02.22"]
[EventType "swiss"]
[EventRounds "9"]
[EventCountry "RUS"]
[SourceTitle "CBM 141 Extra"]
[Source "ChessBase"]
[SourceDate "2011.05.03"]
[SourceVersion "1"]
[SourceVersionDate "2011.05.03"]
[SourceQuality "1"]

1. e4 c5 2. Nf3 Nc6 3. d4 cxd4 4. Nxd4 Nf6 5. Nc3 d6 6. Be2 e5 7. Nb3 Be7 8. 0-0 0-0 9. Be3 Be6 10. f3 d5 11. exd5 Nxd5 12. Nxd5 Bxd5 13. c4 Be6 14. Bc5 Bxc5+ 15. Nxc5 Qb6 0-1

[Event "Karelia-ch 63rd"]
[Site "Petrozavodsk"]
[Date "2010.02.22"]
[Round "5"]
[White "Burkov, German"]
[Black "Ievlev, Andrey A"]
[Result "1/2-1/2"]
[WhiteElo "2172"]
[BlackElo "2092"]
[PlyCount "78"]
[EventDate "2010.02.20"]
[EventType "swiss"]
[EventRounds "9"]
[EventCountry "RUS"]
[SourceTitle "CBM 135 Extra"]
[Source "ChessBase"]
[SourceDate "2010.05.04"]
[SourceVersion "1"]
[SourceVersionDate "2010.05.04"]
[SourceQuality "1"]

1. d4 d5 2. c4 e6 3. Nf3 Nf6 4. Bg5 c6 5. Nc3 dxc4 6. a4 Bb4 7. Bxf6 gxf6 8. e3 b5 9. Nd2 Bxc3 10. bxc3 a6 11. g3 f5 12. Bg2 Bb7 13. 0-0 Nd7 14. e4 fxe4 15. Nxe4 Qe7 16. f4 0-0-0 17. f5 Nb6 18. f6 Qf8 19. Nc5 Qxc5 20. dxc5 Rxd1 21. Rfxd1 Nxa4 22. Rxa4 bxa4 23. Ra1 Rd8 24. Rxa4 Rd1+ 25. Bf1 Kc7 26. Kf2 Rd2+ 27. Ke3 Rxh2 28. Rxc4 Rh6 29. Rf4 Rh5 30. Rh4 Rf5 31. Bd3 Rxf6 32. Rxh7 e5 33. Bc4 Bc8 34. Bxf7 Kd8 35. Bc4 Rg6 36. Kf3 e4+ 37. Kf4 Rg4+ 38. Ke5 Rg5+ 39. Kd6 Rg6+ 1/2-1/2

[Event "Karelia-ch 63rd"]
[Site "Petrozavodsk"]
[Date "2010.02.22"]
[Round "4"]
[White "Ievlev, Andrey A"]
[Black "Dokutchaev, Aleksander"]
[Result "0-1"]
[WhiteElo "2092"]
[BlackElo "2411"]
[PlyCount "48"]
[EventDate "2010.02.20"]
[EventType "swiss"]
[EventRounds "9"]
[EventCountry "RUS"]
[SourceTitle "CBM 135 Extra"]
[Source "ChessBase"]
[SourceDate "2010.05.04"]
[SourceVersion "1"]
[SourceVersionDate "2010.05.04"]
[SourceQuality "1"]

1. c4 b6 2. Nc3 e6 3. g3 Bb7 4. e4 f5 5. d3 Nf6 6. Bg2 Bc5 7. Nh3 fxe4 8. Nxe4 Bxe4 9. dxe4 e5 10. Bg5 Nc6 11. 0-0 h6 12. Bd2 g5 13. Kh1 g4 14. Ng1 Qe7 15. f3 Qg7 16. fxg4 Nxg4 17. Bh3 h5 18. Nf3 0-0-0 19. Bxg4 hxg4 20. Nh4 Nd4 21. b4 Be7 22. Nf5 Qh7 23. Nxe7+ Qxe7 24. Qxg4 Rdg8 0-1

[Event "Karelian Autumn op-B"]
[Site "Petrozavodsk"]
[Date "2009.10.12"]
[Round "4"]
[White "Krasyakov, Anton A"]
[Black "Ievlev, Andrey A"]
[Result "1-0"]
[WhiteElo "1990"]
[BlackElo "2129"]
[PlyCount "77"]
[EventDate "2009.10.10"]
[EventType "swiss"]
[EventRounds "9"]
[EventCountry "RUS"]
[SourceTitle "EXT 2022"]
[Source "ChessBase"]
[SourceDate "2021.10.06"]
[SourceVersion "1"]
[SourceVersionDate "2021.10.06"]
[SourceQuality "1"]

1. d4 Nf6 2. Nf3 e6 3. e3 b6 4. Bd3 Bb7 5. Nbd2 d5 6. 0-0 Nbd7 7. b3 Be7 8. Bb2 0-0 9. a4 a5 10. Qe2 Ne4 11. Rac1 Bf6 12. c4 Nxd2 13. Nxd2 dxc4 14. bxc4 Re8 15. Be4 c6 16. Qf3 Rc8 17. Rcd1 e5 18. Bf5 exd4 19. exd4 Rc7 20. Ne4 c5 21. Qh3 Nf8 22. dxc5 Bxb2 23. Rxd8 Rxd8 24. Rb1 bxc5 25. Qg4 Bd4 26. Rd1 Re7 27. h4 Nd7 28. Nd6 Ne5 29. Qg5 f6 30. Qh5 g6 31. Nxb7 Rxb7 32. Be6+ Kg7 33. Qe2 Rb2 34. Qxb2 Bxb2 35. Rxd8 f5 36. Bd5 h5 37. Rb8 Bc3 38. Kf1 Nd3 39. Rb3 1-0

[Event "Karelian Autumn op-B"]
[Site "Petrozavodsk"]
[Date "2009.10.11"]
[Round "2"]
[White "Starshinov, Mikhail M"]
[Black "Ievlev, Andrey A"]
[Result "0-1"]
[WhiteElo "2049"]
[BlackElo "2129"]
[PlyCount "60"]
[EventDate "2009.10.10"]
[EventType "swiss"]
[EventRounds "9"]
[EventCountry "RUS"]
[SourceTitle "EXT 2022"]
[Source "ChessBase"]
[SourceDate "2021.10.06"]
[SourceVersion "1"]
[SourceVersionDate "2021.10.06"]
[SourceQuality "1"]

1. d4 Nf6 2. Nf3 c5 3. e3 cxd4 4. exd4 g6 5. Bc4 Bg7 6. 0-0 0-0 7. c3 d6 8. Re1 h6 9. Nbd2 d5 10. Bd3 Nc6 11. Ne5 Nd7 12. f4 Qb6 13. Nxc6 bxc6 14. Rxe7 Bxd4+ 15. Kh1 Bf6 16. Re1 Nc5 17. Bc2 Bh4 18. Rf1 Ba6 19. Qg4 Bf6 20. f5 Bxf1 21. Nxf1 Bg7 22. Ng3 Rae8 23. Bxh6 Qxb2 24. Rf1 Bxh6 25. fxg6 f5 26. Qh3 Qxc2 27. Qxh6 Re7 28. Nh5 Qe2 29. Rg1 Ne4 30. h3 Qxh5 0-1

[Event "Karelia-ch 62nd"]
[Site "Petrozavodsk"]
[Date "2009.02.22"]
[Round "3"]
[White "Rumak, Mikhail A"]
[Black "Ievlev, Andrey A"]
[Result "1/2-1/2"]
[WhiteElo "1935"]
[BlackElo "2152"]
[PlyCount "119"]
[EventDate "2009.02.21"]
[EventType "swiss"]
[EventRounds "9"]
[EventCountry "RUS"]
[SourceTitle "CBM 129 Extra"]
[Source "ChessBase"]
[SourceDate "2009.05.05"]
[SourceVersion "2"]
[SourceVersionDate "2009.05.20"]
[SourceQuality "1"]

1. d4 Nf6 2. c4 c5 3. e3 e6 4. Nf3 d5 5. Bd3 dxc4 6. Bxc4 Nc6 7. 0-0 a6 8. a4 Be7 9. Qe2 cxd4 10. Rd1 d3 11. Bxd3 Qc7 12. Nc3 0-0 13. e4 g6 14. Bg5 Ng4 15. Bxe7 Nd4 16. Qe1 Nxf3+ 17. gxf3 Ne5 18. Be2 Qxe7 19. f4 Nc6 20. Bf1 e5 21. Nd5 Qh4 22. f3 Qxe1 23. Rxe1 Nd4 24. Red1 Nxf3+ 25. Kg2 Nd4 26. fxe5 Nc6 27. Nb6 Rb8 28. Nxc8 Rbxc8 29. e6 fxe6 30. Bc4 Nd8 31. b3 Rf4 32. Rd4 Kf7 33. Rad1 Ke8 34. Rd7 Rf7 35. Rxf7 Kxf7 36. Rd7+ Kf6 37. Rxh7 Nf7 38. h4 a5 39. Kf2 b6 40. Ke3 Rd8 41. Be2 Rc8 42. Kd2 Nd6 43. Bd3 Ke5 44. h5 gxh5 45. Rxh5+ Kd4 46. Rh6 Re8 47. Rg6 Nb7 48. Rg7 Nc5 49. Bc2 Rh8 50. Kc1 Rh6 51. Rg8 e5 52. Kb2 Rd6 53. Rc8 Na6 54. Kc1 Ke3 55. Rc3+ Ke2 56. Rh3 Nb4 57. Bb1 Kf2 58. Rh1 Re6 59. Kd2 Rd6+ 60. Kc3 1/2-1/2

[Event "Petrozavodsk A2"]
[Site "Petrozavodsk"]
[Date "2008.10.09"]
[Round "9"]
[White "Nasonov, Vadim"]
[Black "Ievlev, Andrey A"]
[Result "1-0"]
[WhiteElo "2234"]
[BlackElo "2171"]
[PlyCount "25"]
[EventDate "2008.10.08"]
[EventType "tourn"]
[EventRounds "11"]
[EventCountry "RUS"]
[SourceTitle "EXT 2011"]
[Source "ChessBase"]
[SourceDate "2010.11.26"]
[SourceVersion "1"]
[SourceVersionDate "2010.11.26"]
[SourceQuality "1"]

1. d4 d5 2. g3 f5 3. Bg2 h6 4. e4 g6 5. exd5 Nf6 6. c4 c6 7. Nc3 cxd5 8. Nxd5 Bg7 9. Ne2 Nc6 10. Bf4 Nxd5 11. cxd5 Qa5+ 12. Bd2 Nb4 13. Qb3 1-0

[Event "Petrozavodsk A2"]
[Site "Petrozavodsk"]
[Date "2008.10.08"]
[Round "1"]
[White "Ievlev, Andrey A"]
[Black "Phil, Ilya N"]
[Result "0-1"]
[WhiteElo "2171"]
[BlackElo "2147"]
[PlyCount "42"]
[EventDate "2008.10.08"]
[EventType "tourn"]
[EventRounds "11"]
[EventCountry "RUS"]
[SourceTitle "EXT 2011"]
[Source "ChessBase"]
[SourceDate "2010.11.26"]
[SourceVersion "1"]
[SourceVersionDate "2010.11.26"]
[SourceQuality "1"]

1. c4 Nf6 2. Nc3 e6 3. e4 c5 4. d3 Nc6 5. Bg5 Be7 6. Nf3 h6 7. Bh4 Nxe4 8. dxe4 Bxh4 9. g3 Bf6 10. Be2 0-0 11. 0-0 d6 12. Nb5 Be7 13. Qa4 Qb6 14. Rfd1 Rd8 15. Rd2 e5 16. Rad1 Nd4 17. Nbxd4 cxd4 18. Ne1 Bg5 19. Rc2 Bd7 20. Qa3 Bc6 21. f3 d3+ 0-1

[Event "Karelia-ch"]
[Site "Petrozavodsk"]
[Date "2008.03.10"]
[Round "9"]
[White "Ievlev, Andrey A"]
[Black "Gubaidullin, Mannifanzil"]
[Result "1-0"]
[WhiteElo "2080"]
[BlackElo "1997"]
[PlyCount "63"]
[EventDate "2008.03.05"]
[EventType "swiss"]
[EventRounds "9"]
[EventCountry "RUS"]
[SourceTitle "CBM 123 Extra"]
[Source "ChessBase"]
[SourceDate "2008.05.06"]
[SourceVersion "1"]
[SourceVersionDate "2008.05.06"]
[SourceQuality "1"]

1. e4 e5 2. Nc3 Nf6 3. f4 d6 4. Nf3 exf4 5. d4 Be7 6. Bxf4 0-0 7. h3 Nh5 8. Be3 Ng3 9. Rg1 f5 10. Bc4+ Kh8 11. e5 c6 12. Qd2 b5 13. Bd3 Be6 14. Ng5 Bg8 15. a3 a5 16. Nf3 Nd7 17. Bf4 Nh5 18. exd6 Nxf4 19. Qxf4 Bf6 20. Bxf5 Nb6 21. b3 b4 22. axb4 axb4 23. Rxa8 Qxa8 24. Ne2 Nd5 25. Qd2 Qd8 26. d7 g6 27. Bg4 Qe7 28. Kf2 h5 29. Re1 hxg4 30. Qh6+ Bh7 31. Nf4 Qg7 32. Nxg6+ 1-0